ការដាំត្រប់វែង / (Record no. 1556)
[ view plain ]
| 000 -LEADER | |
|---|---|
| fixed length control field | 01561nam a22003377a 4500 |
| 001 - CONTROL NUMBER | |
| control field | 1556 |
| 003 - CONTROL NUMBER IDENTIFIER | |
| control field | FISKH |
| 005 - DATE AND TIME OF LATEST TRANSACTION | |
| control field | 20231002135430.0 |
| 008 - FIXED-LENGTH DATA ELEMENTS--GENERAL INFORMATION | |
| fixed length control field | 230906b cb ||||| |||| 00| 0 khrd |
| 020 ## - INTERNATIONAL STANDARD BOOK NUMBER | |
| International Standard Book Number | 9789996305740 |
| 040 ## - CATALOGING SOURCE | |
| Original cataloging agency | FISKH |
| Language of cataloging | eng |
| Transcribing agency | FISKH |
| Modifying agency | FISKH |
| 082 ## - DEWEY DECIMAL CLASSIFICATION NUMBER | |
| Classification number | 641.56 |
| 100 ## - MAIN ENTRY--PERSONAL NAME | |
| Personal name | Kuoy, Nou |
| 245 ## - TITLE STATEMENT | |
| Title | ការដាំត្រប់វែង / |
| 250 ## - EDITION STATEMENT | |
| Edition statement | បោះពុម្ពលើកទី២ មករា ២០២១ |
| 260 ## - PUBLICATION, DISTRIBUTION, ETC. | |
| Place of publication, distribution, etc. | Phnom Penh : |
| Name of publisher, distributor, etc. | Sipar, |
| Date of publication, distribution, etc. | 2021. |
| 300 ## - PHYSICAL DESCRIPTION | |
| Extent | 48 pages : |
| Other physical details | color illustrations ; |
| Dimensions | 29 cm |
| 490 ## - SERIES STATEMENT | |
| Series statement | បំនិនជីវិត |
| 505 ## - FORMATTED CONTENTS NOTE | |
| Formatted contents note | Z'<br/> |
| 520 ## - SUMMARY, ETC. | |
| Summary, etc. | បង្ហាញពីរបៀបរៀបចំដី ការបណ្ដុះកូនរហូតដល់ការប្រមូលផល និងវិធីធ្វើម្ហូបអាហារសាមញ្ញៗពីផ្លែត្រប់វែងសម្រាប់បរិភោគក្នុងគ្រួសារ។ |
| 520 ## - SUMMARY, ETC. | |
| Summary, etc. | Demonstrates how to prepare the soil, grow small eggplants for harvesting and how to make simple food from eggplant for family consumption. |
| 521 8# - TARGET AUDIENCE NOTE | |
| Target audience note | 1120<br/><br/><br/> |
| Source | Lexile estimate<br/><br/> |
| 521 8# - TARGET AUDIENCE NOTE | |
| Target audience note | Z'<br/> |
| Source | Raz-Plus<br/> |
| 650 ## - SUBJECT ADDED ENTRY--TOPICAL TERM | |
| Topical term or geographic name entry element | ត្រប់វែង |
| Form subdivision | ប្រមួលផល |
| General subdivision | ម្ហូបម្ហា |
| 650 ## - SUBJECT ADDED ENTRY--TOPICAL TERM | |
| Topical term or geographic name entry element | Eggplant |
| Form subdivision | Harvest |
| General subdivision | Food |
| 700 ## - ADDED ENTRY--PERSONAL NAME | |
| Personal name | Sovanney, Oun |
| Relator term | Author |
| 700 ## - ADDED ENTRY--PERSONAL NAME | |
| Personal name | Many, Noung |
| Relator term | Author |
| 700 ## - ADDED ENTRY--PERSONAL NAME | |
| Personal name | Sophaleap, Nhoek |
| Relator term | illustrator |
| 700 ## - ADDED ENTRY--PERSONAL NAME | |
| Personal name | Samphors, Try |
| Relator term | illustrator |
| 942 ## - ADDED ENTRY ELEMENTS (KOHA) | |
| Source of classification or shelving scheme | Dewey Decimal Classification |
| Koha item type | Books |
| Suppress in OPAC | No |
| Withdrawn status | Lost status | Source of classification or shelving scheme | Damaged status | Not for loan | Collection | Home library | Current library | Shelving location | Date acquired | Total Checkouts | Full call number | Barcode | Date last seen | Copy number | Price effective from | Koha item type |
|---|---|---|---|---|---|---|---|---|---|---|---|---|---|---|---|---|
| Dewey Decimal Classification | Khmer Non-Fiction / សៀវភៅខ្មែរ រឿងពិត | Footprints International School Library Network Toul Kork Campus | Footprints International School Library Network Toul Kork Campus | 09/06/2023 | KUO 641.56 | 2023-0510 | 09/06/2023 | 1 | 09/06/2023 | Books | ||||||
| Dewey Decimal Classification | Khmer Non-Fiction / សៀវភៅខ្មែរ រឿងពិត | Footprints International School Library Network Toul Kork Campus | Footprints International School Library Network Toul Kork Campus | 09/06/2023 | KUO 641.56 | 2023-0511 | 09/06/2023 | 2 | 09/06/2023 | Books |
